Properties of materials / (Record no. 19022)
[ view plain ]
| 000 -LEADER | |
|---|---|
| fixed length control field | 02398cam a22003018i 4500 |
| 001 - CONTROL NUMBER | |
| control field | 18476733 |
| 003 - CONTROL NUMBER IDENTIFIER | |
| control field | EG-ScBUE |
| 005 - DATE AND TIME OF LATEST TRANSACTION | |
| control field | 20250120091742.0 |
| 008 - FIXED-LENGTH DATA ELEMENTS--GENERAL INFORMATION | |
| fixed length control field | 150130t2015 flua f b 001 0 eng d |
| 020 ## - INTERNATIONAL STANDARD BOOK NUMBER | |
| International Standard Book Number | 9781482206227 (hardcover : alk. paper) |
| 040 ## - CATALOGING SOURCE | |
| Original cataloging agency | OU/DLC |
| Language of cataloging | eng |
| Description conventions | rda |
| Transcribing agency | OU |
| Modifying agency | EG-ScBUE |
| 082 04 - DEWEY DECIMAL CLASSIFICATION NUMBER | |
| Classification number | 530 |
| Edition number | 22 |
| Item number | KEL |
| 100 1# - MAIN ENTRY--PERSONAL NAME | |
| Personal name | Kelly, P. F., |
| Dates associated with a name | 1961- |
| Relator term | author. |
| 245 10 - TITLE STATEMENT | |
| Title | Properties of materials / |
| Statement of responsibility, etc | P. F. Kelly. |
| 264 #1 - PUBLICATION, DISTRIBUTION, ETC. (IMPRINT) | |
| Place of publication, distribution, etc | Boca Raton, FL : |
| Name of publisher, distributor, etc | CRC Press, Taylor & Francis Group, |
| Date of publication, distribution, etc | [2015] |
| 264 #4 - PUBLICATION, DISTRIBUTION, ETC. (IMPRINT) | |
| Date of publication, distribution, etc | c2015 |
| 300 ## - PHYSICAL DESCRIPTION | |
| Extent | (xvi, 411) pages : |
| Other physical details | illustrations ; |
| Dimensions | 24 cm |
| 336 ## - CONTENT TYPE | |
| Source | rdacontent |
| Content type term | text |
| Content type code | txt |
| 337 ## - MEDIA TYPE | |
| Media type term | unmediated |
| Source | rdamedia |
| Media type code | n |
| 338 ## - CARRIER TYPE | |
| Carrier type term | volume |
| Carrier type code | nc |
| Source | rdacarrier |
| 504 ## - BIBLIOGRAPHY, ETC. NOTE | |
| Bibliography, etc | Includes bibliographical references and index. |
| 505 0# - FORMATTED CONTENTS NOTE | |
| Formatted contents note | "Tidings" of rigidity's breakdown -- Elastic properties of solids -- Elastic solids in series and parallel -- Fluid statics -- Eureka! -- Fluid dynamics: flux -- Bernoulli's equation -- No confusion, it's just diffusion -- Baby, it's viscous outside -- Gas gas gas -- Through the earth and back -- Introduction to simple harmonic oscillation -- SHO time -- Springs in series and parallel -- SHO: kinematics, dynamics, and energetics -- Damped oscillation: qualitative -- Damped oscillation: explicitly -- Forced oscillations -- Impedance and power -- Resonance -- The first wave -- Wave dynamics and phenomenology -- Linear superposition of waves -- Linear superposition of rightmoving harmonic waves -- Standing waves -- Transverse waves: speed and energetics -- Speed of longitudinal waves -- Energy content of longitudinal waves -- Inhomogeous media -- Doppler shifts -- Huygens' principle, interference, and diffraction -- Say hello, wave goodbye -- Optics -- Mirror mirror -- Refraction -- Through a glass darkly -- Temperature and thermometry -- Heat -- Convective and conductive heat flow -- Radiative heat flow -- More radiation -- Laws of thermodynamics 0 and 1 -- The first law of thermodynamics -- First law encore -- Isotherms and adiabats -- Thermodynamic cycles and heat engines -- The second law of thermodynamics -- Entropy musings and the third law -- The canonical ensemble -- Maxwell-Boltzmann distribution derived, Dulong and Petit revisited. |
| 650 #7 - SUBJECT ADDED ENTRY--TOPICAL TERM | |
| Topical term or geographic name as entry element | Physics. |
| Source of heading or term | BUEsh |
| 650 #7 - SUBJECT ADDED ENTRY--TOPICAL TERM | |
| Topical term or geographic name as entry element | Matter |
| General subdivision | Properties. |
| Source of heading or term | BUEsh |
| 653 ## - INDEX TERM--UNCONTROLLED | |
| Resource For college | Engineering, Architecture |
| Arrived date list | March2015 |
| 655 ## - INDEX TERM--GENRE/FORM | |
| Form subdivision | Reading book |
| 9 (RLIN) | 34232 |
| 942 ## - ADDED ENTRY ELEMENTS (KOHA) | |
| Source of classification or shelving scheme | Dewey Decimal Classification |
| Koha item type | Book - Borrowing |
| Withdrawn status | Lost status | Source of classification or shelving scheme | Damaged status | Not for loan | Collection code | Home library | Current library | Shelving location | Date acquired | Source of acquisition | Total Checkouts | Full call number | Barcode | Date last seen | Koha item type |
|---|---|---|---|---|---|---|---|---|---|---|---|---|---|---|---|
| Dewey Decimal Classification | Baccah | Central Library | Central Library | First floor | 14/03/2015 | Purchase | 530 KEL | 000037566 | 15/07/2025 | Book - Borrowing |